000 01206cam a22002054a 4500
005 20250605164115.0
008 250528s ||||||||||||||||||||||||d
035 _a18073
020 _a812902920
040 _aGR-AtMCL
_bgre
_dGR-AtMCL
_eAACR2
245 1 _aDatabanks in a Free Society / Computers, Record - Keeping and Privacy
260 _bQuadrangle Books,
_c1972
300 _a524
520 _aThe first in-depth study of how computers are being used by corporations, government agencies and other record keepers to process information about people - what the effect on civil liberties has been, and what steps we can begin to take better protect personal privacy in record systems. Foreword, Preface, Records and Computers and Civil Liberties: The Setting of the Issues, Profiles from the World of Computerizing Organizations, Government Organizations: The Federal Level, Commercial Organizations, Nonprofit Organizations, Site - Visit Findings from 55 Advanced Systems, Future Directions in Computer Technology, Implications for Public Library, Appendices, Index.
700 1 _aBaker Michael A.
_94356
700 1 _aWestin Alan F
_94357
942 _cBK
999 _c3460
_d3460